| 000 | 00934cab a2200289 4500 | ||
|---|---|---|---|
| 001 | ABS56923 | ||
| 008 | 090401t1997 xxu||||| |||| 00| 0 eng d | ||
| 035 | _a(Sirsi) u77752 | ||
| 041 | _aeng | ||
| 100 | _aMarkwell, S. | ||
| 245 | _aRural England: the imperative for a new paradigm of environmental management | ||
| 260 | _c1997 | ||
| 350 | _a0 | ||
| 490 |
_aPlanning Practice & Research _v12(1) February 1997, 21-31(11) |
||
| 520 | _aThe authors argue the case for a new environmental management paradigm. They suggest a possible framework and discuss the environmental attitudes of rural surveyors. | ||
| 650 | _aENVIRONMENTAL ISSUES | ||
| 650 | _aENVIRONMENTAL MANAGEMENT | ||
| 650 | _aPPG7 | ||
| 650 | _aRICS | ||
| 650 | _aRURAL SURVEYORS | ||
| 650 | _aRURAL WHITE PAPER | ||
| 650 | _aSUSTAINABLE DEVELOPMENT | ||
| 690 | _aRURAL PRACTICE | ||
| 700 | _aRavenscroft, N. | ||
| 942 | _n0 | ||
| 948 | _c16/04/1997 | ||
| 999 |
_c48872 _d48872 |
||